000 01494cam a2200133 4500500
005 20260405090514.0
041 _afre
042 _adc
100 1 0 _aBalier, Claude
_eauthor
245 0 0 _aLa violence en Abyme : Essai de psychocriminologie
260 _bPresses Universitaires de France,
_c2005.
520 _aLa violence destructrice, tel est le sujet de l’ouvrage. Elle est normalement sanctionnée, son auteur est exclus de la société et considéré comme un monstre. Que peut dire le psychanalyste au-delà de la reconnaissance d’une pulsion de mort ? La violence est ausi en nous. Pour la saisir, il faut accompagner le monstre, l’intégrer, mais sans quitter de vue cette violence chargée de sens. «Telle est notre vision en abyme» précise l’auteur. Ce livre traite de la grande violence en la considérant comme un élément du développement humain à la suite de traumatismes psychologiques graves subis dans l’enfance. Pour comprendre l’ensemble du fonctionnement psychologique, descollaborateurs de l’auteur ont traité le traumatisme dans la petite enfance, le recours à la grande douleur psychosomatique, la relation avec un grand pervers, l’aide apportée par les tests projectifs et le travail social de réadaptation.Le mot abyme est utilisé en hommage à S. Lebovici qui avait inauguré la formule le «miroir en abyme».
856 4 1 _uhttps://shs.cairn.info/la-violence-en-abyme--9782130546580?lang=fr&redirect-ssocas=7080
999 _c2205858
_d2205858